| 000 | 00651nab a2200181 4500 | ||
|---|---|---|---|
| 999 |
_c372284 _d372284 |
||
| 001 | 90031 | ||
| 003 | OSt | ||
| 005 | 20230310130418.0 | ||
| 007 | tu | ||
| 008 | 110905s2000||||||| | ||
| 040 |
_aDE-2950 _cDE-2950 |
||
| 245 | 0 | 0 |
_aEr hat sich einen Traum erfüllt. _bJubiläum. Kulturfreund und Galerist Stefan Kunigam feiert heute 70. Geburtstag. zweite Kunstauktion am 23. September / _cred. |
| 264 | _c2023 | ||
| 653 | _aFrankfurt (Oder) | ||
| 653 | _aKunigam, Stefan, Galerist, Vorstandsmitglied im Frankfurter Kunstverein; 07.03.1953- | ||
| 773 | 0 |
_g34. Jahrgang (2023) Nr. 56, 07.03.2023, Seite 15: mit Foto _tMärkische Oderzeitung |
|
| 942 |
_2z _cA |
||